Word Pronunciation Quiz – International Phonetic Alphabet - Statistics

General Stats
  • This quiz has been taken 32 times
  • The average score is 13 of 15
Answer Stats
Hint Answer % Correct
ˈpɛnsəl Pencil
100%
ədˈvɜrtəzmənt Advertisement
97%
ˌɪntərˈnæʃənəl International
97%
ˈnoʊˌbɑˌdi Nobody
97%
ˌkɛrəktəˈrɪstɪk Characteristic
94%
ɡrəˈneɪd Grenade
90%
ˌdɛfəˈnɪʃən Definition
87%
ˈfæstɪŋ Fasting
87%
ˈtrævəsti Travesty
87%
ˈhaɪdrəʤən Hydrogen
84%
ʧɜrʧ Church
81%
kəˈrʌpʃən Corruption
81%
pæʧ Patch
81%
kju Queue
74%
ˈspunərɪzᵊm Spoonerism
61%
No matching quizzes found
Score Distribution
Percent of People with Each Score
Percentile by Number Answered
Your Score History
You have not taken this quiz